Culture Générale - Série 2486 - Statistiques

Statistiques générales
  • Ce quiz a été pris 148 fois
  • Le résultat moyen est 5 sur 10
Statistiques - réponses
Question Réponse % Correct
Dans le conte Blanche Neige et les 7 nains, quel nain porte des lunettes ? Prof
88%
Ce mot désigne un ensemble de chanteurs et la partie d'une église ? choeur
75%
Quel est la capitale du Paraguay ? Asunción
73%
Trouvez le petit mot associé aux prénoms Morgane-Mélusine-Viviane-Margot fée
68%
Quel mot anglais désigne une technique frauduleuse destinée à leurrer l’internaute pour l’inciter à communiquer des données personnelles (comptes d’accès, mots de passe…) et/ou bancaires en se faisant passer pour un tiers de confiance ? phishing
53%
De quel archipel fait partie l'île de Lanzarote ? Canaries
47%
Dans quelle série télévisée américaine des années 1960 , James West et Artemus Gordon sont-ils deux agents des Services Secrets américains dans les années 1880 ? Les Mystères de l'Ouest
41%
Qui a écrit "Genitrix"en 1923 ? prénom et nom - voir photo François Mauriac
22%
Sous quel nom connaissait-on mieux l'actrice française Simone Roussel (1920-2016) ? Michèle Morgan
15%
Quel personnage de fiction ayant inspiré romans, bandes dessinées, films, séries télévisées, dessins animés a été créé en 1919 par Johnston McCulley ? Zorro
9%
Aucun quiz correspondant
Distribution des résultats
% des personnes avec chaque résultat
Percentile par nombre de réponses
Votre historique - résultats
Vous n’avez pas pris ce quiz